000 00631nam a2200253Ia 4500
003 IT-RoPAU
008 120407s9999 xx 000 0 und d
040 _aIT-RoPAU
040 _cIT-RoPAU
041 _aita
100 _aVittorio De Bernardi
245 _aLa scelta della via . 5° ed.
250 _aRoma
260 _aEdizioni Paoline
260 _c1968
300 _a141 p.
300 _bTavole
300 _c19,5 cm
490 _a « Orientarsi, S.I,
490 _v12
600 _a" 1. Vocazione religiosa 2. Matrimonio, Morale cristiana 248 BNI 69-6721 "
942 _cBK
999 _c25606
_d25606